Les plus gros partenaires commerciaux - Canada - 2 minutes - Statistiques

Statistiques générales
  • Ce quiz a été pris 88 fois
  • Le résultat moyen est 14 sur 20
Statistiques - réponses
exportations importations pays % Correct
15.8 bil 51.4 bil Chine
100%
314 bil 223 bil Etats-Unis
100%
2.45 bil 5.33 bil France
100%
5.16 bil 24.4 bil Mexique
94%
12.5 bil 7.20 bil Royaume-Uni
91%
7.64 bil 11.6 bil Japon
90%
2.71 bil 13.6 bil Allemagne
86%
1.76 bil 2.93 bil Brésil
86%
1.78 bil 5.77 bil Italie
85%
3.38 bil 3.08 bil Inde
80%
3.15 bil 6.16 bil Corée du Sud
77%
1.48 bil Australie
75%
2.78 bil 2.69 bil Pays-Bas
61%
2.45 bil Belgique
59%
3.54 bil Suisse
57%
1.46 bil Norvège
46%
3.20 bil Viêt Nam
39%
4.27 bil Taïwan
37%
2.55 bil Pérou
28%
1.58 bil Émirats arabes unis
23%
Aucun quiz correspondant
Distribution des résultats
% des personnes avec chaque résultat
Percentile par nombre de réponses
Votre historique - résultats
Vous n’avez pas pris ce quiz